[Event "Favorite"]
[Site "Hamburg"]
[Date "1980.??.??"]
[Round "8"]
[White "Holm Petersen, Sejer"]
[Black "Kordsachia, Tariel"]
[Result "1-0"]
[WhiteElo "2395"]
[BlackElo "2375"]

1.d4 d5 2.c4 c6 3.Nf3 Nf6 4.Nc3 dxc4 5.a4 Bf5 6.e3 e6 7.Bxc4 Bb4 8.O-O Nbd7
9.Qe2 O-O 10.Rd1 Qa5 11.e4 Bg4 12.e5 Bxc3 13.bxc3 Nd5 14.Bd2 Qd8 15.Bd3 Bh5
16.c4 Nc7 17.Rab1 Rb8 18.Bb4 Re8 19.Bd6 Nb6 20.Bc2 Nc8 21.Bc5 Na6 22.Ba3 Qa5
23.Bxh7+ Kxh7 24.Ng5+ Kh6 25.Qe4 f5 26.Qh4 Kg6 27.Rd3 Rh8 28.Rg3 c5 29.Nxe6+ Kf7
30.Nxg7 Qd8 31.e6+  1-0

[Event "Krasnodar"]
[Site "Krasnodar"]
[Date "1980.??.??"]
[Round "?"]
[White "Shashin, Alexsander A"]
[Black "Palatnik, Semon"]
[Result "1-0"]
[WhiteElo "2425"]
[BlackElo "2505"]

1.d4 d5 2.c4 c6 3.Nf3 Nf6 4.Nc3 dxc4 5.a4 Bf5 6.Nh4 Bg6 7.Nxg6 hxg6 8.e4 e5
9.Be3 Nbd7 10.Bxc4 exd4 11.Bxd4 Bc5 12.Bxc5 Nxc5 13.Qe2 Qc7 14.g3 O-O-O 15.O-O Rh5
16.f4 Rdh8 17.Rf2 g5 18.e5 Ne8 19.Qe3 Qe7 20.f5 f6 21.b4 Nd7 22.Be6 Nc7 23.Bxd7+ Qxd7
24.e6 Qd6 25.b5 g4 26.bxc6 bxc6 27.Rd1 Qe5 28.Qxe5 fxe5 29.Ne4 Nd5 30.Nd6+ Kc7
31.Nf7 e4 32.Rc2 Nb4 33.Rd7+ Kb6 34.Rb2 a5 35.Nxh8 Rxh8 36.Rd4 Re8 37.Rxe4 Re7
38.Rxg4 Kc5 39.Rf2 Kd5 40.Rg5 Ke4 41.Rxg7 Rxg7 42.f6  1-0

[Event "Malta ol (Men)"]
[Site "La Valetta"]
[Date "1980.??.??"]
[Round "?"]
[White "Colon, Arturo"]
[Black "Morovic Fernandez, Ivan"]
[Result "0-1"]
[WhiteElo "2200"]
[BlackElo "2380"]

1.d4 d5 2.c4 c6 3.Nf3 Nf6 4.Nc3 dxc4 5.a4 Bf5 6.Ne5 e6 7.Nxc4 c5 8.dxc5 Qxd1+
9.Nxd1 Bxc5 10.f3 Nc6 11.e4 Bg6 12.Be3 Bxe3 13.Ndxe3 Ke7 14.Be2 Rhd8 15.Kf2 Nd7
16.Rhd1 Nc5 17.g4 f6 18.h4 Rxd1 19.Nxd1 Rd8 20.Nc3 Be8 21.Rd1 Nd4 22.a5 Na4
23.Bf1 Nxc3 24.bxc3 Nb5 25.Rc1 Rc8 26.Ke1 Rc5 27.Kd2 h5 28.Ne3 hxg4 29.fxg4 Nd6
30.a6 bxa6 31.Kd3 Bc6 32.Bg2 Re5 33.Ra1 Bxe4+ 34.Bxe4 Nxe4 35.Nc4 Nc5+ 36.Kd4 Nb3+  0-1

[Event "DSV-Turnier"]
[Site "Leipzig"]
[Date "1980.??.??"]
[Round "4"]
[White "Knaak, Rainer"]
[Black "Meduna, Eduard"]
[Result "1-0"]
[WhiteElo "2535"]
[BlackElo "2405"]

1.d4 d5 2.c4 c6 3.Nf3 Nf6 4.Nc3 dxc4 5.a4 Bf5 6.e3 e6 7.Bxc4 Bb4 8.O-O O-O
9.Nh4 Bg4 10.f3 Bh5 11.g4 Bg6 12.Nxg6 hxg6 13.e4 Nbd7 14.g5 Nh5 15.f4 c5
16.Na2 Ba5 17.Be2 cxd4 18.Bxh5 gxh5 19.b4 Bc7 20.Qxh5 f5 21.e5 Re8 22.Bb2 Nf8
23.Rad1 a5 24.bxa5 Bxa5 25.Rd3 g6 26.Qd1 Qd5 27.Nc1 Red8 28.Ne2 Bb6 29.Rff3 Nd7
30.Rh3 Kg7 31.Rh6 Qe4 32.Ng3 Qxf4 33.Rxg6+ Kxg6 34.Qh5+ Kg7 35.Qh6+ Kg8 36.Qxe6+ Kh8
37.Qh6+ Kg8 38.Qg6+ Kh8 39.Nxf5 Qg4+ 40.Rg3 Qd1+ 41.Kg2 Qe2+ 42.Kh3 Qf1+
43.Kh4 Qxf5 44.Qxf5 Kg7 45.Rf3  1-0

[Event "Makarczyk mem"]
[Site "Lodz"]
[Date "1980.??.??"]
[Round "8"]
[White "Farago, Ivan"]
[Black "Kirov, Nino"]
[Result "1/2-1/2"]
[WhiteElo "2505"]
[BlackElo "2455"]

1.d4 d5 2.c4 c6 3.Nc3 Nf6 4.Nf3 dxc4 5.a4 Bf5 6.e3 e6 7.Bxc4 Bb4 8.O-O O-O
9.Qe2 Nbd7 10.e4 Bg6 11.Bd3 Bh5 12.e5 Nd5 13.Nxd5 cxd5 14.Qe3 h6 15.Ne1 Bxe1
16.Rxe1 Bg6 17.Bxg6 fxg6 18.Qd3 g5 19.Bd2 Nb8 20.Rec1 Nc6 21.Be3  1/2-1/2

[Event "Lone Pine"]
[Site "Lone Pine"]
[Date "1980.??.??"]
[Round "4"]
[White "Balashov, Yuri S"]
[Black "Arnason, Jon L"]
[Result "1/2-1/2"]
[WhiteElo "2600"]
[BlackElo "2435"]

1.d4 d5 2.Nf3 Nf6 3.c4 c6 4.Nc3 dxc4 5.a4 Bf5 6.e3 e6 7.a5 Bb4 8.Qa4 Qe7
9.Bxc4 O-O 10.O-O Nbd7 11.Qb3 c5 12.h3 a6 13.Bd2 Rac8 14.Rfc1 cxd4 15.exd4 Nb8
16.Ne5 Rfd8 17.Be3 Nc6 18.Nxc6 Rxc6 19.Be2 h6 20.Bf3 Rc7  1/2-1/2

[Event "Lone Pine"]
[Site "Lone Pine"]
[Date "1980.??.??"]
[Round "8"]
[White "Gligoric, Svetozar"]
[Black "Petursson, Margeir"]
[Result "1/2-1/2"]
[WhiteElo "2565"]
[BlackElo "2425"]

1.d4 d5 2.c4 c6 3.Nf3 Nf6 4.Nc3 dxc4 5.a4 Bf5 6.e3 e6 7.Bxc4 Bb4 8.O-O Nbd7
9.Qe2 O-O 10.e4 Bg6 11.Bd3 Qc7 12.Bd2 a5 13.e5 Nd5 14.Bxg6 hxg6 15.Nxd5 cxd5
16.Bxb4 axb4 17.Qb5 Rfc8 18.Qxb4 Nb8 19.Qd2 Qb6 20.b3 Nc6 21.Rab1 Rc7 22.Rfd1 Qb4
23.Qf4 Ne7 24.Ne1 Rac8 25.Nd3 Qc3 26.g4 Nc6 27.Ne1 g5 28.Qd2 Qxd2 29.Rxd2 Nb4
30.Nd3 Nxd3 31.Rxd3 Rc2 32.Rbd1 Rb2 33.Rf3 Rcc2 34.Rdd3 Rd2 35.Kg2 g6 36.h3 Rbc2
37.Kg3 Kg7 38.a5 Rxd3 39.Rxd3 Ra2 40.f3 Rxa5 41.h4 gxh4+ 42.Kxh4 Ra2 43.Kg5 Rc2
44.Kf4  1/2-1/2

[Event "CSR-ch"]
[Site "Trnava"]
[Date "1980.??.??"]
[Round "12"]
[White "Tibensky, Robert"]
[Black "Meduna, Eduard"]
[Result "1/2-1/2"]
[WhiteElo "2200"]
[BlackElo "2405"]

1.d4 d5 2.Nf3 Nf6 3.c4 c6 4.Nc3 dxc4 5.a4 Bf5 6.e3 e6 7.Bxc4 Bb4 8.O-O O-O
9.Nh4 Bg4 10.f3 Bh5 11.g4 Bg6 12.Ng2 Nbd7 13.e4 c5 14.Be3 Rc8 15.Qe2 cxd4
16.Bxd4 Nb6 17.Bxb6 Qxb6+ 18.Kh1 h5 19.g5 Qc5 20.gxf6 Qxc4 21.fxg7 Rfd8 22.Qxc4 Rxc4
23.Ne3 Rcd4 24.Nb5 Rd3 25.Nc2 Bc5 26.b4 Be7 27.Nxa7 Rd2 28.Rac1 Re2 29.Rfe1 Rf2
30.Rf1 Re2 31.Rfe1 Rxe1+ 32.Nxe1 Bxb4 33.Ng2 Kxg7 34.Nf4 Ra8 35.Rc4 Bd6 36.Nxg6 Rxa7
37.e5 Bb8 38.Nf4 Bxe5 39.Nxh5+ Kg6 40.Ng3 f5 41.Kg2 Ra6 42.Rb4 Bd6 43.Rxb7 Rxa4
44.Rb2 Ra1  1/2-1/2

[Event "Candidats (Women) sf2"]
[Site "Vilnius"]
[Date "1980.??.??"]
[Round "7"]
[White "Litinskaya, Marta I"]
[Black "Alexandria, Nana"]
[Result "1-0"]
[WhiteElo "2280"]
[BlackElo "2335"]

1.Nf3 d5 2.d4 Nf6 3.c4 c6 4.Nc3 dxc4 5.a4 Bf5 6.e3 e6 7.Bxc4 Bb4 8.O-O O-O
9.Qe2 c5 10.Rd1 Nc6 11.Na2 Ba5 12.dxc5 Qe7 13.Nd4 Qxc5 14.b4 Nxb4 15.Ba3 Rfc8
16.Rac1 Qb6 17.Nxf5 exf5 18.Rb1 Nxa2 19.Rxb6 Nc3 20.Bxf7+ Kh8 21.Qf3 axb6
22.Rf1 Rc7 23.Bb3 Nce4 24.Rc1 Rxc1+ 25.Bxc1 Rc8 26.Bb2 Bc3 27.Bxc3 Rxc3 28.Qd1 h5
29.Bf7 Kh7 30.Bxh5 Rc5 31.h3 Rd5 32.Qb3 Rc5 33.Qf7 Rc1+ 34.Kh2 Nxf2 35.Bg6+ Kh6
36.Bxf5 Rh1+ 37.Kg3 N2e4+ 38.Bxe4 Nxe4+ 39.Kh4 Nf6 40.Qxb7 Ra1 41.Qc6 Rb1
42.Kg3 Rb4 43.Kf3 Kh7 44.e4 Rb3+ 45.Kf4 Nh5+ 46.Kg5 Ng3 47.e5 Rb4 48.e6 Re4
49.Qd6 Re3 50.Qxb6 Ne4+ 51.Kf4  1-0

[Event "Biel"]
[Site "Biel"]
[Date "1981.??.??"]
[Round "?"]
[White "Partos, Charles"]
[Black "Franzoni, Giancarlo"]
[Result "1/2-1/2"]
[WhiteElo "2425"]
[BlackElo "2295"]

1.d4 d5 2.c4 c6 3.Nf3 Nf6 4.Nc3 dxc4 5.a4 Bf5 6.e3 e6 7.Bxc4 Bb4 8.O-O O-O
9.Nh4 Bg4 10.f3 Bh5 11.g4 Bg6 12.Nxg6 hxg6 13.Qb3 Qe7 14.a5 Na6 15.Bxa6 bxa6
16.Qc4 Qb7 17.e4 Rac8 18.Qb3 Qb8 19.Ra4 c5 20.Na2 Rfd8 21.Be3 Bd2 22.Qa3 Bxe3+
23.Qxe3 cxd4 24.Rxd4 Qxb2 25.Rxd8+ Rxd8 26.Rf2 Qb5 27.Rd2 Qxa5 28.Rxd8+ Qxd8
29.Qxa7 Qd1+ 30.Kg2 Qe2+ 31.Qf2 Qxf2+ 32.Kxf2 g5 33.Ke3 Nd7 34.Nb4 a5 35.Nc6 a4
36.Kd4 a3 37.Kc3 Nf8 38.Ne5 f6 39.Nd3 Kf7 40.Kb3 Nd7 41.Kxa3 Ke7 42.Kb4 Kd6
43.Kc3  1/2-1/2

[Event "Politiken Cup"]
[Site "Copenhagen"]
[Date "1981.??.??"]
[Round "1"]
[White "Wicker, Kevin J"]
[Black "Kirov, Nino"]
[Result "1/2-1/2"]
[WhiteElo "2305"]
[BlackElo "2475"]

1.d4 d5 2.c4 c6 3.Nc3 Nf6 4.Nf3 dxc4 5.a4 Bf5 6.e3 e6 7.Bxc4 Bb4 8.O-O O-O
9.Na2 Bd6 10.b4 Nbd7 11.Bb2 Nb6 12.Be2 Nbd5 13.b5 Rc8 14.Rc1 Qa5 15.bxc6 Rxc6
16.Rxc6 bxc6 17.Nd2 Nb6 18.Nb3 Qxa4 19.Nc3 Qb4 20.Na2 Qa4 21.Nc3  1/2-1/2

[Event "Politiken Cup"]
[Site "Copenhagen"]
[Date "1981.??.??"]
[Round "3"]
[White "Brondum, Eric"]
[Black "Velikov, Petar"]
[Result "1/2-1/2"]
[WhiteElo "2305"]
[BlackElo "2445"]

1.d4 d5 2.Nf3 Nf6 3.c4 c6 4.Nc3 dxc4 5.a4 Bf5 6.e3 e6 7.Bxc4 Bb4 8.O-O O-O
9.Qe2 Nbd7 10.e4 Bg4 11.e5 Nd5 12.Nxd5 cxd5 13.Bd3 f5 14.h3 Bxf3 15.Qxf3 Nb8
16.g3 Nc6 17.Be3 Rc8 18.Rfd1 Be7 19.Qe2 a6 20.Qd2 Qa5 21.Qxa5 Nxa5 22.Rac1 Bb4
23.Rxc8 Rxc8 24.g4 g6 25.gxf5 gxf5 26.Kh2  1/2-1/2

[Event "Czestochowa"]
[Site "Czestochowa"]
[Date "1981.??.??"]
[Round "1"]
[White "Sygulski, Boguslaw"]
[Black "Starck, Bodo"]
[Result "1-0"]
[WhiteElo "2200"]
[BlackElo "2300"]

1.d4 d5 2.c4 c6 3.Nc3 Nf6 4.Nf3 dxc4 5.a4 Bf5 6.e3 e6 7.Bxc4 Bb4 8.O-O O-O
9.Nh4 Nbd7 10.Nxf5 exf5 11.Qf3 g6 12.Rd1 Qe7 13.Bd2 Rad8 14.Na2 Bd6 15.b4 Ne4
16.Be1 a6 17.b5 Nb6 18.Bf1 Nxa4 19.bxc6 bxc6 20.Nb4 Bxb4 21.Rxa4 a5 22.Qe2 c5
23.f3 Nf6 24.Bh4 cxd4 25.exd4 Qxe2 26.Bxe2 Rd6 27.Bxf6 Rxf6 28.d5 Rc8 29.Ra2 Rd6
30.f4 Rc5 31.Bf3 Rc4 32.g3 a4 33.Kf1 a3 34.Ke2 Rc3 35.Rd3 Rc1 36.Rd1 Rc4
37.Rd3 Kf8 38.Rb3 Bc5 39.Rb5  1-0

[Event "Hradec Kralove"]
[Site "Hradec Kralove"]
[Date "1981.??.??"]
[Round "4"]
[White "Plachetka, Jan"]
[Black "Palatnik, Semon"]
[Result "1/2-1/2"]
[WhiteElo "2445"]
[BlackElo "2490"]

1.d4 d5 2.c4 c6 3.Nf3 Nf6 4.Nc3 dxc4 5.a4 Bf5 6.e3 e6 7.Bxc4 Bb4 8.O-O O-O
9.Qe2 Nbd7 10.e4 Bg6 11.e5 Nd5 12.Nxd5 cxd5 13.Bd3  1/2-1/2

[Event "Hradec Kralove"]
[Site "Hradec Kralove"]
[Date "1981.??.??"]
[Round "5"]
[White "Palatnik, Semon"]
[Black "Meduna, Eduard"]
[Result "1-0"]
[WhiteElo "2490"]
[BlackElo "2485"]

1.d4 d5 2.c4 c6 3.Nf3 Nf6 4.Nc3 dxc4 5.a4 Bf5 6.e3 e6 7.Bxc4 Bb4 8.O-O Nbd7
9.Qe2 O-O 10.e4 Bg6 11.Bd3 Bh5 12.e5 Nd5 13.Ne4 Be7 14.h3 Bg6 15.Neg5 Bxg5
16.Nxg5 Qe7 17.Bxg6 fxg6 18.Qg4 Rf5 19.Ne4 Raf8 20.Nd6 Rh5 21.Nxb7 N7f6 22.exf6 Nxf6
23.Qe2 Qxb7 24.Qxe6+ Kh8 25.Qc4 Qc7 26.Ra3 g5 27.Rc3 Rc8 28.Rf3 g4 29.Bf4 Qd7
30.hxg4 Qxg4 31.Qa6 Rg8 32.Be5 Ne4 33.Qxc6 Rg5 34.Bg3 Rh5 35.d5 Nd2 36.Rf4 Qe2
37.Rc1 Re8 38.Rh4 Rg5 39.Qc2 h6 40.Rd4 Rxg3 41.Qxd2  1-0

[Event "BKL-Turnier"]
[Site "Leipzig"]
[Date "1981.??.??"]
[Round "6"]
[White "Knaak, Rainer"]
[Black "Meduna, Eduard"]
[Result "0-1"]
[WhiteElo "2495"]
[BlackElo "2450"]

1.d4 d5 2.c4 c6 3.Nf3 Nf6 4.Nc3 dxc4 5.a4 Bf5 6.e3 e6 7.Bxc4 Bb4 8.O-O O-O
9.Nh4 Bg4 10.f3 Bh5 11.g4 Bg6 12.Nxg6 hxg6 13.e4 c5 14.Na2 Ba5 15.dxc5 Nbd7
16.Be3 Bc7 17.Rc1 Qe7 18.Bb3 a5 19.Qe2 Rfc8 20.Rc2 Bb8 21.Rfc1 Ba7 22.c6 Bxe3+
23.Qxe3 bxc6 24.Rxc6 Rxc6 25.Rxc6 Ne5 26.Rc3 Nfd7 27.Nc1 Rb8 28.Ne2 g5 29.Qa7 Qb4
30.Qd4 Qe7 31.Kg2 Kh7 32.Kg3 Rb4 33.Qe3 Ng6 34.Bc2 Rxb2 35.e5 Nxe5 36.Rc5 Qd6
37.Kf2 Nd7 38.Rc8 Qxh2+ 39.Ke1 Ne5 40.Be4 Qh1+ 41.Ng1 Rg2 42.Kf1 Nxf3 43.Bxf3 Rxg1+
44.Qxg1 Qxf3+ 45.Ke1 Qe4+ 46.Kd2 Ne5 47.Kc1 Qf4+ 48.Kb1 Qb4+ 49.Kc1 Nd3+
50.Kc2 Qxa4+ 51.Kd2 Ne5 52.Qb1+ Ng6 53.Qh1+ Nh4 54.Qb1+ f5 55.Qd3 Qb4+ 56.Kc2 Qxg4
57.Qd8 Qe4+ 58.Kc3 Qe3+ 59.Kc4 Ng6 60.Kb5 g4 61.Qg8+ Kh6 62.Rc6 Qd3+ 63.Kb6 Nf4
64.Qh8+ Kg5 65.Rc7 Nh5 66.Qe8 g3 67.Qe7+ Kg4 68.Qe8 g5 69.Qb5 Nf4 70.Rc4 Qd6+  0-1

[Event "Sokolsky mem"]
[Site "Minsk"]
[Date "1981.??.??"]
[Round "6"]
[White "Dydyshko, Viacheslav"]
[Black "Begun, Sergei M"]
[Result "1/2-1/2"]
[WhiteElo "2445"]
[BlackElo "2385"]

1.d4 d5 2.c4 c6 3.Nf3 Nf6 4.Nc3 dxc4 5.a4 Bf5 6.e3 e6 7.Bxc4 Bb4 8.O-O O-O
9.Nh4 Bg6 10.Nxg6 hxg6 11.Qc2 Nbd7 12.Rd1 Qe7 13.a5 Rfd8 14.Bd2 Nf8 15.Ra4 Bd6
16.Ne4 Nxe4 17.Qxe4 Nd7 18.Raa1 Nf6 19.Qh4 Bb4 20.Bc3  1/2-1/2

[Event "US op"]
[Site "Palo Alto"]
[Date "1981.??.??"]
[Round "8"]
[White "Winslow, Elliott C"]
[Black "Carrasco, Paul"]
[Result "1-0"]
[WhiteElo "2312"]
[BlackElo "2054"]

1.d4 d5 2.c4 c6 3.Nf3 Nf6 4.Nc3 dxc4 5.a4 Bf5 6.e3 e6 7.Bxc4 Bb4 8.O-O O-O
9.Nh4 Bg6 10.Nxg6 hxg6 11.Qb3 Qe7 12.e4 Ba5 13.e5 Nd5 14.Ne4 Na6 15.Qh3 f6
16.Ra3 Nac7 17.Rg3 g5 18.exf6 Nxf6 19.Bxg5 Rad8 20.Nxf6+ Rxf6  1-0

[Event "Porz"]
[Site "Porz"]
[Date "1981.??.??"]
[Round "?"]
[White "Giorgadze, Tamaz"]
[Black "Reefschlaeger, Helmut"]
[Result "1-0"]
[WhiteElo "2515"]
[BlackElo "2410"]

1.d4 d5 2.c4 c6 3.Nf3 Nf6 4.Nc3 dxc4 5.a4 Bf5 6.e3 e6 7.Bxc4 Bb4 8.O-O O-O
9.Nh4 Bg4 10.f3 Bh5 11.g4 Bg6 12.Ng2 Qe7 13.Qb3 h6 14.e4 Nbd7 15.Be3 e5 16.Ne2 a5
17.Nh4 Bh7 18.Ng3 exd4 19.Nhf5 Bxf5 20.Nxf5 Qe5 21.Bxd4 Bc5 22.Qe3 Bxd4 23.Qxd4 Qxd4+
24.Nxd4 g6 25.Rfd1 Rfd8 26.Nb3 Nb6 27.Rxd8+ Rxd8 28.Be2 Ra8 29.Nc5 Ra7 30.Rd1 Kf8
31.Kf2 Ke7 32.b3 Nbd7 33.Nd3 Ra8 34.Ke3 Re8 35.h4 Kf8 36.Kd4 Ke7 37.g5 hxg5
38.hxg5 Nh7 39.f4 Nhf8 40.Bg4 Rd8 41.Ke3 Rb8 42.Rc1 Ne6 43.Bxe6 Kxe6 44.Rh1 b5
45.Rh6 bxa4 46.bxa4 Rb3 47.Kd2 Ra3 48.f5+ Ke7 49.f6+ Kd6 50.Rh7 Rxa4 51.Rxf7 Rd4
52.Re7  1-0

[Event "Santiago"]
[Site "Santiago"]
[Date "1981.??.??"]
[Round "6"]
[White "Cifuentes Parada, Roberto"]
[Black "Salazar, Hernan"]
[Result "0-1"]
[WhiteElo "2380"]
[BlackElo "2345"]

1.d4 d5 2.c4 c6 3.Nf3 Nf6 4.Nc3 dxc4 5.a4 Bf5 6.Ne5 Nbd7 7.Nxc4 Qc7 8.g3 e5
9.dxe5 Nxe5 10.Bf4 Nfd7 11.Bg2 Be6 12.Nxe5 Nxe5 13.Qd4 f6 14.O-O Qa5 15.Ne4 Rd8
16.Qe3 Nc4 17.Qb3 Qb6 18.Qc2 Be7 19.a5 Nxa5 20.Be3 Qb5 21.b4 Bxb4 22.Rfb1 b6
23.Bf4 Ke7 24.Bd6+ Rxd6 25.Nxd6 Kxd6 26.Qe4 c5 27.Rd1+ Ke7 28.Qf4 Rc8 29.Qd6+ Kf7
30.Bd5 Qe8 31.e4 Bc3 32.Rac1 Be5 33.Bxe6+ Qxe6 34.Qd3 Nc6 35.Qa6 Rc7 36.Qd3 Bd4
37.Qe2 g6 38.Kg2 Re7 39.f3 f5 40.Re1 fxe4 41.fxe4  0-1

[Event "BUL-ch"]
[Site "Sofia"]
[Date "1981.??.??"]
[Round "15"]
[White "Toshkov, Tihomir"]
[Black "Kirov, Nino"]
[Result "0-1"]
[WhiteElo "2385"]
[BlackElo "2430"]

1.c4 Nf6 2.Nf3 c6 3.d4 d5 4.Nc3 dxc4 5.a4 Bf5 6.e3 e6 7.Bxc4 Bb4 8.O-O O-O
9.h3 Nbd7 10.Nh4 Bg6 11.Nxg6 hxg6 12.Qb3 Qb6 13.Rd1 e5 14.Qa2 Qa5 15.d5 Rad8
16.dxc6 bxc6 17.Bd2 e4 18.Be1 Ne5 19.Rd4 Rxd4 20.exd4 Nf3+ 21.gxf3 Qg5+ 22.Kh1 exf3
23.Bf1 Bd6  0-1

[Event "Telechess ol2 8182"]
[Site "telex"]
[Date "1981.??.??"]
[Round "?"]
[White "Gerusel, Mathias"]
[Black "Sorri, Kari Juhani"]
[Result "1/2-1/2"]
[WhiteElo "2370"]
[BlackElo "2235"]

1.d4 d5 2.c4 c6 3.Nf3 Nf6 4.Nc3 dxc4 5.a4 Bf5 6.e3 e6 7.Bxc4 Bb4 8.O-O Nbd7
9.h3 O-O 10.Nh4 Nb6 11.Ba2 Nbd5 12.Nxf5 exf5 13.Qb3 a5 14.Bb1 g6 15.Bd3 Qe7
16.Bd2 Rad8 17.Rac1 Rfe8 18.Rfe1 Qd6 19.Qc2 Kg7 20.Re2 Re7 21.Bc4 Nb6 22.Bb3 Rde8
23.Ree1 Qd8 24.Na2 Bxd2 25.Qxd2 Nbd5 26.Nc3 Nb4 27.Red1 Rd7 28.Bc4 Qe7 29.Be2 Ne4
30.Nxe4 fxe4 31.b3 Red8 32.Qb2 Qf6 33.Rc5 Rd5 34.Rdc1 Kf8 35.Qb1 Qe7 36.R1c3 Kg8
37.Bf1 h5 38.g3 Kh7 39.Be2 R8d7 40.Kg2 Kg7 41.Qg1 Rd8 42.f3 Rxc5 43.Rxc5 Rd5
44.Rc1 Rd8 45.f4 Qe6 46.Qd1 Qe7 47.Qd2 Kg8 48.Qb2 Rd6 49.Qb1 Rd8 50.Kf2 Kg7  1/2-1/2

[Event "Trencianske Teplice"]
[Site "Trencianske Teplice"]
[Date "1981.??.??"]
[Round "8"]
[White "Portisch, Ferenc"]
[Black "Neckar, Lubomir"]
[Result "0-1"]
[WhiteElo "2430"]
[BlackElo "2375"]

1.d4 d5 2.c4 c6 3.Nf3 Nf6 4.Nc3 dxc4 5.a4 Bf5 6.e3 e6 7.Bxc4 Bb4 8.O-O Nbd7
9.Qe2 O-O 10.e4 Bg6 11.Bd3 Bh5 12.Rd1 e5 13.d5 cxd5 14.Nxd5 Nxd5 15.Bb5 N5f6
16.Bg5 Qc7 17.Bxd7 Nxd7 18.Qb5 Bd6 19.Rac1 Nc5 20.b4 a6 21.Qe2 Qb6 22.bxc5 Bxc5
23.Bh4 Rac8 24.Qa2 Qe6 25.Qb2 b6 26.Rd5 Bxf3 27.gxf3 Qh6 28.Rcxc5 Rxc5 29.Rxc5 bxc5
30.Be7 Rc8 31.Bxc5 Qg6+ 32.Kf1 Qc6  0-1

[Event "Tirnava"]
[Site "Trnava"]
[Date "1981.??.??"]
[Round "1"]
[White "Magerramov, Elmar"]
[Black "Meduna, Eduard"]
[Result "0-1"]
[WhiteElo "2435"]
[BlackElo "2450"]

1.d4 d5 2.c4 c6 3.Nf3 Nf6 4.Nc3 dxc4 5.a4 Bf5 6.e3 e6 7.Bxc4 Bb4 8.O-O O-O
9.Qe2 Nbd7 10.e4 Bg6 11.Bd3 Bh5 12.e5 Nd5 13.Nxd5 cxd5 14.Qe3 Bg6 15.Ng5 Re8
16.f4 Rc8 17.Bd2 Bxd2 18.Qxd2 Qb6 19.Bb5 Rc2 20.Qe3 Rd8 21.Rac1 Rxc1 22.Rxc1 Nb8
23.b3 a6 24.Be2 Nc6 25.Nf3 Be4 26.Kf2 h6 27.Nd2 Bg6 28.Nf3 Be4 29.Nd2 a5
30.Bb5 Nxd4 31.b4 Qa7 32.Nb3 Nxb5 33.axb5 Qxe3+ 34.Kxe3 axb4 35.Nc5 Rc8 36.b6 Rc6
37.Kd4 Rxb6 38.Nxe4 dxe4 39.Kxe4 b3 40.Rb1 b2 41.g3 Rb3  0-1

[Event "Tirnava"]
[Site "Trnava"]
[Date "1981.??.??"]
[Round "11"]
[White "Knaak, Rainer"]
[Black "Meduna, Eduard"]
[Result "1-0"]
[WhiteElo "2495"]
[BlackElo "2450"]

1.d4 d5 2.c4 c6 3.Nf3 Nf6 4.Nc3 dxc4 5.a4 Bf5 6.e3 e6 7.Bxc4 Bb4 8.O-O O-O
9.Nh4 Bg4 10.f3 Bh5 11.g4 Bg6 12.Nxg6 hxg6 13.e4 Nbd7 14.g5 Nh5 15.f4 c5
16.Na2 Ba5 17.Be2 cxd4 18.Bxh5 gxh5 19.b4 Bc7 20.Qxh5 f5 21.e5 Re8 22.Ba3 b5
23.Rad1 Nf8 24.a5 Re7 25.Rd3 a6 26.Bb2 Bb8 27.Nc1 Ba7 28.Nb3 Rc8 29.Nc5 Bxc5
30.bxc5 Rd7 31.c6 Rd5 32.Ba3 Qe8 33.Qxe8 Rxe8 34.Kg2 Kf7 35.Rc1 Rc8 36.Kg3 Ng6
37.h4 Ne7 38.c7 g6 39.Bd6 b4 40.Bxb4 Rb5 41.Bxe7 Kxe7 42.h5 Rb7 43.hxg6 Rbxc7
44.Rxc7+ Rxc7 45.Rxd4 Rc3+ 46.Kf2 Rc5 47.Rd8  1-0

[Event "Tuzla"]
[Site "Tuzla"]
[Date "1981.??.??"]
[Round "13"]
[White "Bukic, Enver"]
[Black "Lukacs, Peter"]
[Result "1-0"]
[WhiteElo "2485"]
[BlackElo "2465"]

1.d4 d5 2.c4 c6 3.Nf3 Nf6 4.Nc3 dxc4 5.a4 Bf5 6.Ne5 e6 7.f3 Bb4 8.Nxc4 O-O
9.Bg5 c5 10.dxc5 Qxd1+ 11.Rxd1 Bc2 12.Rc1 Bb3 13.Nd2 Bxc3 14.Rxc3 Bxa4 15.e4 Nbd7
16.Be3 Rfc8 17.Be2 Ne8 18.Kf2 Nc7 19.Ra1 Bb5 20.Nc4 Ne8 21.Ra5 Ba6 22.Nd6 Nxd6
23.Bxa6 Nxe4+ 24.fxe4 bxa6 25.c6 Nf6 26.Kf3 Rab8 27.Rxa6 Rxb2 28.Rxa7 h5
29.Rd7 g5 30.Rd2 g4+ 31.Kf4 Rb4 32.Rd4 Rb5 33.Rdc4 Ne8 34.Rd3 Kg7 35.Kg3 Kg6
36.h3 Nf6 37.c7 Re5 38.Bf4 Rxe4 39.Rxe4 Nxe4+ 40.Kh4 gxh3 41.gxh3  1-0

[Event "URS-FL49"]
[Site "Volgodonsk"]
[Date "1981.??.??"]
[Round "4"]
[White "Rashkovsky, Nukhim N"]
[Black "Kharitonov, Andrei Y"]
[Result "1/2-1/2"]
[WhiteElo "2540"]
[BlackElo "2460"]

1.d4 d5 2.c4 c6 3.Nf3 Nf6 4.Nc3 dxc4 5.a4 Bf5 6.e3 e6 7.Bxc4 Bb4 8.O-O Nbd7
9.Qe2 Bg6 10.e4 Bxc3 11.bxc3 Nxe4 12.Ba3 Qc7 13.Rfc1 Nd6 14.Bxe6 O-O 15.Bxd7 Qxd7
16.Ne5 Qe6 17.Bxd6 Qxd6 18.Nxg6 hxg6 19.Re1 Rab8 20.Qe7 Qxe7 21.Rxe7 Rfe8  1/2-1/2

[Event "URS-FL49"]
[Site "Volgodonsk"]
[Date "1981.??.??"]
[Round "4"]
[White "Vladimirov, Evgeny"]
[Black "Dorfman, Josif D"]
[Result "1/2-1/2"]
[WhiteElo "2460"]
[BlackElo "2505"]

1.d4 d5 2.c4 c6 3.Nf3 Nf6 4.Nc3 dxc4 5.a4 Bf5 6.e3 e6 7.Bxc4 Bb4 8.O-O O-O
9.Qe2 Nbd7 10.h3 Ne4 11.Bd3 Ndc5 12.Nxe4 Bxe4 13.Bc2 Bxc2 14.Qxc2 Nd7 15.e4 a5
16.Bf4 Qe7 17.Rfd1 Bd6 18.Bxd6 Qxd6  1/2-1/2

[Event "URS-FL49"]
[Site "Volgodonsk"]
[Date "1981.??.??"]
[Round "5"]
[White "Timoshchenko, Gennadi A"]
[Black "Azmaiparashvili, Zurab"]
[Result "1/2-1/2"]
[WhiteElo "2505"]
[BlackElo "2390"]

1.d4 d5 2.c4 c6 3.Nf3 Nf6 4.Nc3 dxc4 5.a4 Bf5 6.e3 e6 7.Bxc4 Bb4 8.O-O O-O
9.Qe2 Bg6 10.Rd1 Nbd7 11.Bd3 Bh5 12.h3 Bxf3 13.Qxf3 e5 14.Bc2 Qe7 15.Bd2 Rfe8
16.dxe5 Nxe5 17.Qe2 Rad8 18.Be1 a5 19.Rxd8 Rxd8 20.Rd1 Rxd1 21.Qxd1 Qd7 22.Qxd7 Nfxd7
23.b3 Nc5 24.Ne4 Ncd3 25.Bxd3 Bxe1 26.Be2 Bb4  1/2-1/2

[Event "URS-FL49"]
[Site "Volgodonsk"]
[Date "1981.??.??"]
[Round "10"]
[White "Gulko, Boris F"]
[Black "Anikaev, Yuri N"]
[Result "1/2-1/2"]
[WhiteElo "2565"]
[BlackElo "2425"]

1.d4 d5 2.c4 c6 3.Nf3 Nf6 4.Nc3 dxc4 5.a4 Bf5 6.Ne5 e6 7.f3 Bb4 8.Bg5 h6
9.Bh4 c5 10.dxc5 Qxd1+ 11.Kxd1 Nbd7 12.Nxd7 O-O-O 13.e4 Rxd7+ 14.Kc2 Bh7
15.c6 bxc6 16.Bxc4 Bd6 17.Bd3 Nh5 18.Ne2 g5 19.Bf2 f5 20.Rad1 fxe4 21.Bxe4 Bxe4+
22.fxe4 Rhd8 23.h3  1/2-1/2

[Event "Hoogovens-B"]
[Site "Wijk aan Zee"]
[Date "1981.??.??"]
[Round "8"]
[White "Law, Andrew P"]
[Black "Bohm, Hans"]
[Result "0-1"]
[WhiteElo "2380"]
[BlackElo "2410"]

1.d4 d5 2.c4 c6 3.Nf3 Nf6 4.Nc3 dxc4 5.a4 Bf5 6.e3 e6 7.Bxc4 Bb4 8.O-O Nbd7
9.Nh4 Bg6 10.f3 Nd5 11.Qe1 c5 12.Bxd5 exd5 13.Nxg6 hxg6 14.Qg3 Nf6 15.Nb5 O-O
16.dxc5 Bxc5 17.Rd1 Qb6 18.Qf2 Rfe8 19.Nd4 Rac8 20.a5 Qc7 21.a6 bxa6 22.Bd2 Bxd4
23.exd4 Qc4 24.Rdc1 Qd3 25.Rxc8 Rxc8 26.Bc3 Re8 27.Re1 Qb5 28.Ra1 Re2 29.Qg3 Nh5
30.Qg5 Kh7 31.g4 Nf6 32.Qh4+ Kg8 33.Re1 Rxe1+ 34.Qxe1 Nh7 35.Kf2 Ng5 36.Qe7 Ne6
37.h4 Qb8 38.Qd7 Qh2+ 39.Ke3 Qf4+ 40.Ke2 Nxd4+ 41.Bxd4 Qxd4 42.Qe8+ Kh7 43.Qxf7 Qxb2+
44.Kd3 Qb3+ 45.Kd2 Qb4+ 46.Ke2 Qc4+ 47.Kf2 Qc5+ 48.Kg2 d4 49.f4 Qc6+ 50.Kg3 Qc3+
51.Kg2 Qd2+ 52.Kg3 Qe3+ 53.Kg2 Qe4+ 54.Kg3 d3 55.h5 gxh5 56.Qxh5+ Kg8 57.Qa5 Qe3+
58.Kh4  0-1

[Event "FRG-ch"]
[Site "Bad Neuenahr"]
[Date "1982.??.??"]
[Round "?"]
[White "Ostermeyer, Peter"]
[Black "Reefschlaeger, Helmut"]
[Result "1/2-1/2"]
[WhiteElo "2410"]
[BlackElo "2405"]

1.d4 d5 2.c4 c6 3.Nf3 Nf6 4.Nc3 dxc4 5.a4 Bf5 6.Ne5 Nbd7 7.Nxc4 Qc7 8.g3 e5
9.dxe5 Nxe5 10.Bf4 Rd8 11.Qc1 Bd6 12.Nxd6+ Qxd6 13.Bg2 O-O 14.O-O a5 15.Rd1 Qe7
16.Qe3 Nfg4  1/2-1/2

[Event "Baile Herculane zt"]
[Site "Baile Herculane"]
[Date "1982.??.??"]
[Round "8"]
[White "Velikov, Petar"]
[Black "Meduna, Eduard"]
[Result "1-0"]
[WhiteElo "2470"]
[BlackElo "2490"]

1.d4 d5 2.c4 c6 3.Nf3 Nf6 4.Nc3 dxc4 5.a4 Bf5 6.e3 e6 7.Bxc4 Bb4 8.O-O Nbd7
9.Qe2 O-O 10.e4 Bg6 11.Bd3 Bh5 12.Bf4 e5 13.dxe5 Ng4 14.Qc2 Qe7 15.Be2 Bg6
16.Bg3 h6 17.Nh4 h5 18.h3 Nh6 19.f4 Rad8 20.Kh1 Kh8 21.Rad1 Nc5 22.f5 Bh7
23.Na2 a5 24.Nxb4 axb4 25.b3 b6 26.Kh2 g5 27.Nf3 h4 28.Bf2 Nd7 29.Qxc6  1-0

[Event "New Delhi"]
[Site "Delhi"]
[Date "1982.??.??"]
[Round "6"]
[White "Dorfman, Josif D"]
[Black "Kupreichik, Viktor D"]
[Result "1/2-1/2"]
[WhiteElo "2530"]
[BlackElo "2530"]

1.d4 d5 2.c4 c6 3.Nf3 Nf6 4.Nc3 dxc4 5.a4 Bf5 6.e3 e6 7.Bxc4 Bb4 8.O-O O-O
9.Bd3 Bg6 10.Ne5 Nbd7 11.Nxg6 hxg6 12.Bd2 c5 13.Ne2 Bxd2 14.Qxd2 cxd4 15.Nxd4 Nc5
16.Bc2 e5 17.Nf3 Qxd2 18.Nxd2 Rfd8 19.Rfd1  1/2-1/2

[Event "Eksjo"]
[Site "Eksjo"]
[Date "1982.??.??"]
[Round "8"]
[White "Cebalo, Miso"]
[Black "Kirov, Nino"]
[Result "1-0"]
[WhiteElo "2495"]
[BlackElo "2430"]

1.d4 d5 2.c4 c6 3.Nf3 Nf6 4.Nc3 dxc4 5.a4 Bf5 6.e3 e6 7.Bxc4 Bb4 8.O-O O-O
9.Qb3 Qe7 10.a5 c5 11.Ne5 Nc6 12.a6 cxd4 13.axb7 Qxb7 14.Ba6 Qc7 15.Nxc6 Qxc6
16.Qxb4 dxc3 17.Bb7 Qc7 18.Bxa8 Rxa8 19.Qxc3 Qd6 20.f3 Nd5 21.Qd2 Qb6 22.Qa5 Bc2
23.Qxb6 Nxb6 24.Ra3 a5 25.Rc3 Ba4 26.e4 Bb5 27.Rd1 a4 28.Rd4  1-0